Normal view
MARC view
Entry Personal Name
001 - CONTROL NUMBER
- control field: 40406
003 - CONTROL NUMBER IDENTIFIER
- control field: dpl
005 - DATE AND TIME OF LATEST TRANSACTION
- control field: 20120130152222.0
008 - FIXED-LENGTH DATA ELEMENTS
- fixed length control field: 120130|||a|||||| | ||| d
040 ## - CATALOGING SOURCE
- Original cataloging agency: dpl
- Transcribing agency: dpl
100 ## - HEADING--PERSONAL NAME
- Personal name: Ganesh Kumar
670 ## - SOURCE DATA FOUND
- Source citation: Work cat.: (dpl): Ganesh Kumar, Upkar's modern general knowledge :, 2006
670 ## - SOURCE DATA FOUND
- Source citation: Work cat.: (dpl): Ganesh Kumar, Upkar's modern general knowledge :, 2006
